[Event "DEN-ch Kort2 Gr-1"]
[Site "Svendborg"]
[Date "2022.04.14"]
[Round "2"]
[White "Boldt, Allan"]
[Black "Nielsen, Aage Sondergaard"]
[Result "1/2-1/2"]
[WhiteElo "2150"]
[BlackElo "1951"]
[PlyCount "102"]
[EventDate "2022.04.14"]
[EventType "swiss"]
[EventRounds "5"]
[EventCountry "DEN"]
[SourceTitle "EXT 2024"]
[Source "ChessBase"]
[SourceDate "2023.10.10"]
[SourceVersion "1"]
[SourceVersionDate "2023.10.10"]
[SourceQuality "1"]

1. e4 e5 2. Nf3 Nc6 3. d4 exd4 4. Nxd4 Nf6 5. Nxc6 bxc6 6. e5 Qe7 7. Qe2 Nd5 8. h4 a5 9. Bg5 Qb4+ 10. c3 Qb6 11. Qc2 h6 12. Bc1 Ba6 13. Nd2 Be7 14. Nc4 Qa7 15. Bd3 Rb8 16. Qe2 Qc5 17. Qg4 g6 18. Rh3 Bxc4 19. Qxc4 Qxc4 20. Bxc4 h5 21. Bb3 0-0 22. Rd3 Nb6 23. g3 c5 24. Bc2 Rfe8 25. Bf4 d6 26. 0-0-0 c4 27. Re3 d5 28. e6 Bd6 29. exf7+ Kxf7 30. Rf3 Kg7 31. Be3 c5 32. Rd2 Re6 33. Bd1 Rd8 34. Bg5 Rd7 35. Re3 Rxe3 36. Bxe3 Be7 37. Bf3 Kf6 38. Bg2 Rd8 39. Bg5+ Kf7 40. Re2 Bxg5+ 41. hxg5 Re8 42. Rxe8 Kxe8 43. b3 cxb3 44. axb3 Ke7 45. f4 Kd6 46. Kd2 Nc8 47. c4 d4 48. Kd3 Ne7 49. Be4 Ke6 50. Bg2 Nf5 51. Bh3 Kd6 1/2-1/2

[Event "Helsingor Xtracon op"]
[Site "Helsingor"]
[Date "2019.07.20"]
[Round "1"]
[White "Lysyj, Igor"]
[Black "Nielsen, Aage Sondergaard"]
[Result "1-0"]
[WhiteElo "2623"]
[BlackElo "1936"]
[PlyCount "75"]
[EventDate "2019.07.20"]
[EventType "swiss"]
[EventRounds "10"]
[EventCountry "DEN"]
[SourceTitle "CBM 191 Extra"]
[Source "ChessBase"]
[SourceDate "2019.09.30"]
[SourceVersion "1"]
[SourceVersionDate "2019.09.30"]
[SourceQuality "1"]

1. d4 e6 2. c4 d5 3. Nf3 c6 4. g3 Nf6 5. Bg2 Nbd7 6. 0-0 Ne4 7. Nc3 Ndf6 8. Qc2 Bd6 9. Ne5 Nxc3 10. Qxc3 0-0 11. Bf4 Nh5 12. Be3 f5 13. b4 Bd7 14. a4 Rc8 15. Qb3 Be8 16. b5 f4 17. Bc1 fxg3 18. hxg3 Qf6 19. bxc6 bxc6 20. Ba3 Qe7 21. Bxd6 Qxd6 22. Rfc1 Rb8 23. Qc3 Nf6 24. cxd5 cxd5 25. Qc7 Qxc7 26. Rxc7 Rb4 27. e3 Bxa4 28. Bh3 Re8 29. Rxa7 Bc2 30. R7a6 Bf5 31. g4 Be4 32. g5 Nh5 33. Bxe6+ Kf8 34. Bg4 g6 35. Ra7 Ng7 36. Nd7+ Kf7 37. Nf6+ Kf8 38. Nxh7+ 1-0

[Event "DEN-ch Kort 1"]
[Site "Svendborg"]
[Date "2016.03.19"]
[Round "1"]
[White "Nielsen, Jorgen Holmstrom"]
[Black "Nielsen, Aage Sondergaard"]
[Result "0-1"]
[WhiteElo "1820"]
[BlackElo "1938"]
[PlyCount "130"]
[EventDate "2016.03.19"]
[EventType "swiss"]
[EventRounds "5"]
[EventCountry "DEN"]
[SourceTitle "EXT 2023"]
[Source "ChessBase"]
[SourceDate "2022.10.05"]
[SourceVersion "1"]
[SourceVersionDate "2022.10.05"]
[SourceQuality "1"]

1. Nc3 e5 2. Nf3 Nc6 3. d4 exd4 4. Nxd4 Bc5 5. Nb3 Bb6 6. Nd5 Nge7 7. Nxb6 axb6 8. Bg5 h6 9. Bd2 d5 10. e3 Bf5 11. Bc3 0-0 12. Bd3 Qd7 13. 0-0 Rfe8 14. Qf3 Ra4 15. Bxf5 Qxf5 16. Qxf5 Nxf5 17. a3 Rg4 18. Rad1 Nce7 19. Nd4 Nd6 20. Nf3 f6 21. h3 Re4 22. Rd4 c5 23. Rd3 Kf7 24. Rfd1 Ke6 25. b3 Kd7 26. Bb2 b5 27. Nd2 Re6 28. Nf3 Kc7 29. Kf1 g5 30. Nh2 h5 31. g4 h4 32. f3 Rd8 33. Kf2 Kc6 34. Nf1 b6 35. Nd2 Re8 36. e4 d4 37. c3 dxc3 38. Bxc3 Ng6 39. Rh1 Nf4 40. Re3 f5 41. e5 fxg4 42. fxg4 Nd5 43. Rd3 Nxc3 44. Rxc3 Rxe5 45. Rd3 Rf8+ 46. Rf3 Rfe8 47. Rd1 Rd8 48. Rf6 Kc7 49. Re1 Rxe1 50. Kxe1 c4 51. bxc4 bxc4 52. Rf3 b5 53. Rc3 Re8+ 54. Kd1 Ne4 55. Nxe4 Rxe4 56. Rf3 Rf4 57. Re3 Kd6 58. Kc2 Kd5 59. Kc3 Re4 60. Rf3 Re5 61. Kb4 Kd4 62. Rf1 Re3 63. Rf5 Rb3+ 64. Ka5 c3 65. Rxg5 c2 0-1

[Event "Fredericia-ch A"]
[Site "Fredericia"]
[Date "2012.10.01"]
[Round "5"]
[White "Skjoldager, Per"]
[Black "Nielsen, Aage Sondergaard"]
[Result "1-0"]
[WhiteElo "2045"]
[BlackElo "1831"]
[PlyCount "63"]
[EventDate "2012.09.03"]
[EventType "tourn"]
[EventRounds "5"]
[EventCountry "DEN"]
[SourceTitle "EXT 2023"]
[Source "ChessBase"]
[SourceDate "2022.10.05"]
[SourceVersion "1"]
[SourceVersionDate "2022.10.05"]
[SourceQuality "1"]

1. e4 e5 2. Nf3 Nc6 3. Bc4 Be7 4. c3 d6 5. d4 Nf6 6. Qc2 Bg4 7. Be3 h6 8. Nbd2 Nd7 9. 0-0-0 Bf6 10. h3 Bh5 11. g4 Bg6 12. h4 h5 13. g5 Be7 14. dxe5 dxe5 15. Bb5 Bc5 16. Bxc5 Nxc5 17. Nxe5 0-0 18. Bxc6 bxc6 19. Ndc4 Qe7 20. f3 Bh7 21. b4 f6 22. gxf6 gxf6 23. Qg2+ Kh8 24. Ng6+ Bxg6 25. Qxg6 Ne6 26. Qxh5+ Qh7 27. Qxh7+ Kxh7 28. Rd7+ Kh6 29. Ne3 Rh8 30. Nf5+ Kh5 31. Re7 Rae8 32. Rxe6 1-0

[Event "Politiken Cup 34th"]
[Site "Helsingor"]
[Date "2012.08.04"]
[Round "9"]
[White "Nielsen, Aage Sondergaard"]
[Black "Veng, Johny"]
[Result "0-1"]
[WhiteElo "1957"]
[BlackElo "2274"]
[PlyCount "108"]
[EventDate "2012.07.28"]
[EventType "swiss"]
[EventRounds "10"]
[EventCountry "DEN"]
[SourceTitle "CBM 149 Extra"]
[Source "ChessBase"]
[SourceDate "2012.08.24"]
[SourceVersion "1"]
[SourceVersionDate "2012.08.24"]
[SourceQuality "1"]

1. e4 c5 2. Nc3 a6 3. f4 b5 4. Nf3 Bb7 5. d3 e6 6. Qe2 Be7 7. g3 d5 8. Bg2 Nf6 9. e5 Ng8 10. 0-0 Nh6 11. Bd2 Nc6 12. Nd1 Qb6 13. c3 b4 14. h3 Nf5 15. Kh2 h5 16. Ne3 g6 17. Nxf5 gxf5 18. h4 Kf8 19. Ng5 Kg7 20. Bf3 Kg6 21. a3 a5 22. axb4 cxb4 23. Rfc1 Ba6 24. Nh3 Bc5 25. Be1 Qb5 26. Bf2 Bxf2 27. Nxf2 Qb6 28. Nd1 Qb5 29. Nf2 Rac8 30. Qd1 d4 31. c4 Qb6 32. b3 Bb7 33. Rc2 Nd8 34. Rca2 Ra8 35. Nh3 Bxf3 36. Qxf3 Nb7 37. Rg1 Kg7 38. Nf2 Nc5 39. Rb1 Kg6 40. Kh3 Kg7 41. Rab2 a4 42. bxa4 Rxa4 43. Kh2 b3 44. Qd1 Ra3 45. Ra1 Qa5 46. Rxa3 Qxa3 47. Qb1 Kh6 48. Nd1 Rg8 49. Kg2 Qa8+ 50. Kh2 Qf3 51. Rg2 Ra8 52. Nb2 Ra2 53. Kh3 Na4 54. Kh2 Qxg2+ 0-1

[Event "Politiken Cup 34th"]
[Site "Helsingor"]
[Date "2012.07.31"]
[Round "5"]
[White "Nielsen, Aage Sondergaard"]
[Black "Hojgaard, Brandur"]
[Result "0-1"]
[WhiteElo "1957"]
[BlackElo "1686"]
[PlyCount "50"]
[EventDate "2012.07.28"]
[EventType "swiss"]
[EventRounds "10"]
[EventCountry "DEN"]
[SourceTitle "CBM 149 Extra"]
[Source "ChessBase"]
[SourceDate "2012.08.24"]
[SourceVersion "1"]
[SourceVersionDate "2012.08.24"]
[SourceQuality "1"]

1. e4 e5 2. Bc4 Nc6 3. Nf3 Bc5 4. d3 h6 5. c3 Nf6 6. b4 Bb6 7. b5 Na5 8. Nxe5 0-0 9. Bb3 d5 10. Nd2 Nxb3 11. Qxb3 dxe4 12. Ba3 Be6 13. Qd1 Re8 14. dxe4 a6 15. bxa6 Rxa6 16. Qc1 Ng4 17. Nxg4 Bxg4 18. 0-0 Rxa3 19. Qxa3 Qxd2 20. Qa4 Re6 21. h3 Be2 22. Qa8+ Kh7 23. Qf8 Rf6 24. e5 Bxf1 25. exf6 Qxf2+ 0-1

[Event "Politiken Cup 32nd"]
[Site "Copenhagen"]
[Date "2010.08.04"]
[Round "6"]
[White "Nielsen, Aage Sondergaard"]
[Black "Nielsen, Klaus"]
[Result "1-0"]
[WhiteElo "1944"]
[BlackElo "2095"]
[PlyCount "127"]
[EventDate "2010.07.31"]
[EventType "swiss"]
[EventRounds "10"]
[EventCountry "DEN"]
[SourceTitle "CBM 137 Extra"]
[Source "ChessBase"]
[SourceDate "2010.09.01"]
[SourceVersion "1"]
[SourceVersionDate "2010.09.01"]
[SourceQuality "1"]

1. e4 c5 2. Nc3 d6 3. f4 Nc6 4. Nf3 Nf6 5. Bb5 Bd7 6. 0-0 e6 7. d3 Be7 8. Qe1 0-0 9. Bxc6 Bxc6 10. h3 b5 11. b3 Qc7 12. Nd1 c4 13. Be3 Nd7 14. Rc1 a5 15. Nd4 Bf6 16. Nxc6 Qxc6 17. g4 Bd8 18. Qg3 Bb6 19. Nf2 a4 20. g5 axb3 21. axb3 f5 22. bxc4 bxc4 23. Kh2 Ra2 24. Bxb6 Nxb6 25. Qe3 e5 26. Rb1 Nd7 27. fxe5 Nxe5 28. d4 f4 29. Qc3 Ng6 30. Rb4 Rc8 31. Rfb1 Ra7 32. Rb8 Rac7 33. Rxc8+ Rxc8 34. Rb4 Nh4 35. Kg1 Qa6 36. Rb1 Qa7 37. Rd1 Qe7 38. Kh2 Qxg5 39. Rg1 Qe7 40. Rg4 Ng6 41. h4 Nxh4 42. Qh3 Ng6 43. Rxg6 Rf8 44. Qe6+ Qxe6 45. Rxe6 Rd8 46. Nh3 h6 47. Nxf4 Kf7 48. d5 Rb8 49. Ne2 Rb1 50. Kg2 Rd1 51. Kf2 c3 52. Nxc3 Rd2+ 53. Ne2 Rxc2 54. Rxd6 h5 55. Rc6 Ra2 56. Rc3 g5 57. Re3 Rd2 58. Kg3 Ke7 59. Ng1 Kf6 60. Nf3 Rd1 61. e5+ Kf5 62. e6 h4+ 63. Kf2 h3 64. e7 1-0